Trendy nás dostali o krok ďalej

Kancelárie budúcnosti. Novodobé riešenie kancelárie z dieľne spoločnosti Techo. Potreba relaxu a súkromia. Kombinácia open space a uzavretých kancelárií pre manažérov. Dôraz na funkčnosť a efektivitu. Čoraz viac je to aj o zdraví.

Gespeichert in:
Bibliographische Detailangaben
1. Verfasser: Žuffa, Radovan
Format: Buchkapitel
Sprache:Slowakisch
Schlagworte:
Tags: Tag hinzufügen
Keine Tags, Fügen Sie das erste Tag hinzu!

MARC

LEADER 00000naa a2200000 4500
001 0211481
005 20231113083858.3
041 0 |a slo 
044 |a SK 
245 1 0 |a Trendy nás dostali o krok ďalej  |c Radovan Žuffa 
520 |a Kancelárie budúcnosti. Novodobé riešenie kancelárie z dieľne spoločnosti Techo. Potreba relaxu a súkromia. Kombinácia open space a uzavretých kancelárií pre manažérov. Dôraz na funkčnosť a efektivitu. Čoraz viac je to aj o zdraví. 
610 2 0 |a pracovisko 
610 2 0 |a prostredie pracovné 
610 2 0 |a kancelárie 
610 2 0 |a dizajn 
610 2 0 |a efektívnosť 
610 2 0 |a zdravie 
610 2 0 |a pracovníci 
100 1 |a Žuffa, Radovan